000 00589cam a22002173a 4500
001 45519
003 PGUSA
005 20140828084043.0
008 140428s2014||||xxu|||||s|||||000 | eng d
040 _aPGUSA
_beng
042 _adc
100 1 _aWatkins, Lucian B.
245 1 4 _aThe Old Log Cabin
_h[electronic resource] /
_cLucian B. Watkins
260 _bProject Gutenberg,
_c2014
506 _aPublic domain in the USA.
516 _aElectronic text
700 1 _aAnonymous
830 0 _aProject Gutenberg
_v45519
856 4 0 _uhttp://www.gutenberg.org/ebooks/45519
942 _cEB
999 _c274770
_d274770